Statistics for General Knowledge #06

Click here to take the quiz!

General Stats

  • This quiz has been taken 43 times
  • The average score is 11 of 15

Answer Stats

HintAnswer% Correct
The Star of David appears in the centre of which country’s flag?Israel
100%
What is the capital city of Japan?Tokyo
100%
The term ‘on the rocks’ refers to a drink being poured over, or containing, what?Ice
89%
Freddie Mercury was the lead singer of which rock group until his death in 1991?Queen
89%
Which British poet and playwright has been nicknamed ‘The Bard of Avon’?William Shakespeare
83%
What colour are the seats in the House of Commons in the UK?Green
81%
“I'm gonna make him an offer he can't refuse,” is a quote from which 1972 film?The Godfather
75%
The Oval in Kennington, south London, is an international ground for which sport?Cricket
72%
What is the largest island in the Mediterranean Sea?Sicily
72%
In 2018 the actress Jodie Whittaker became the first woman to play the lead in which long-running British Sci-Fi television show?Doctor Who
64%
Yosemite National Park is located in which US state?California
61%
The Picture of Dorian Gray was which writer’s only completed novel?Oscar Wilde
58%
The Suez Canal connects the Mediterranean Sea with which other sea?The Red Sea
47%
Which year in French history saw the storming of the Bastille?1789
42%
What was the name of the bar in the long-running US sit-com Cheers?Cheers
36%

Score Distribution

Percentile by Number Answered

Percent of People with Each Score

Your Score History

You have not taken this quiz